Életképek a keresztyén szeretet munkamezejéről

Bibliographic Details
Main Author: Majba, Vilmos (Author)
Format: Book
Language:Hungarian
PhysicalDescription:96 s. 24 cm
Published: Budapest Luther-Társaság Könyvkereskedése 1914
Series:A Luther-Társaság
Subjects:

MARC

LEADER 00000nam a2200000 a 4500
001 vtls009494104
003 SK-MaSNL
005 20260301171245.0
008 251029s1914 xo f 000 0 hun
020 |q (brož.) 
040 |a SNK  |b slo  |c SNK  |e AACR2 
041 0 |a hun 
044 |a hu  |c HU 
072 7 |a 27  |x Kresťanstvo. Kresťanská cirkev všeobecne. Ekleziológia  |2 konspekt 
080 |a 27-76  |2 2001 
080 |a 27  |2 2001 
080 |a 2-762  |2 2001 
080 |a (048.8)  |2 2001 
100 1 |a Majba, Vilmos  |4 aut  |9 538663 
245 1 0 |a Életképek a keresztyén szeretet munkamezejéről  |c Majba Vilmos 
260 |a Budapest  |b Luther-Társaság Könyvkereskedése  |c 1914 
300 |a 96 s.  |c 24 cm 
490 1 |a A Luther-Társaság  |v kiad. 75 
650 0 7 |a kresťanské misie  |2 SNKPH  |9 4096 
650 0 7 |a misijná činnosť  |2 SNKPH  |9 68660 
650 0 7 |a christianizácia  |2 SNKPH  |9 74478 
655 7 |a štúdie  |2 SNKPH  |9 57033 
830 0 |a A Luther-Társaság  |9 538664 
958 |a ONDV 
999 |c 830248  |d 832178 
952 |a SNK  |b SNK  |y PREZ  |7 0  |p 17A0619472  |o snkSC 135349  |i snk2009/7525  |8 3  |g 10.00  |0 0  |1 0  |4 0  |d 2009-04-21  |l 0  |r 2025-07-01 00:00:00  |w 2026-02-24